000 00243 a2200085 4500
100 _aAsha
245 _aHindi ke mahila natakkar( हिन्दी के महिला नाटककार)
260 _bAdwait prakashan
_c2021
942 _cOO
999 _c113905
_d113904